| 000 | 02035nam a22002777a 4500 | ||
|---|---|---|---|
| 008 | 230327e20230307xxk|||||o|||| 00| 0 eng d | ||
| 041 | _aeng | ||
| 110 | _aRoyal Institution of Chartered Surveyors | ||
| 245 |
_aWhole-life carbon assessments _b2nd edition consultation _h[Electronic resource] |
||
| 260 |
_aLondon, _bRoyal Institution of Chartered Surveyors, _c7 March 2023 |
||
| 300 | _a151p. | ||
| 490 | _aRICS Consultation | ||
| 520 | _aRICS consultation on the second edition of Whole life carbon assessments in the built environment - a standard which mandates a methodology to track all carbon emissions from production of materials, construction process, use and disposal of built assets over their entire life cycle. Consultation opened 7 March 2023 and closed 18 April 2023. Should be read in conjunction with other materials available on the iConsult page including the Consultation overview which provides important information about the standard, including its purposes, status and aims, as well as setting out RICS' objectives of this consultation. | ||
| 650 | _aNET ZERO | ||
| 650 | _aCARBON EMISSIONS | ||
| 650 | _aWHOLE LIFE APPRAISAL | ||
| 651 | _aInternational | ||
| 690 |
_96238 _aEnvironment |
||
| 690 |
_96263 _aQuantity surveying |
||
| 710 | _aRoyal Institution of Chartered Surveyors | ||
| 856 |
_uhttps://consultations.rics.org/whole_life_carbon_standard/consultationHome _zConsultation homepage on RICS iConsult |
||
| 856 |
_uhttps://consultations.rics.org/gf2.ti/f/1479074/161189029.1/PDF/-/Whole%20Life%20Carbon%20Assessments%20PS%20Consultation%20Draft%20March%202023.pdf _zpdf of the consultation document |
||
| 856 |
_uhttps://consultations.rics.org/gf2.ti/f/1479074/160871909.1/DOCX/-/2.%20WLCA%20Consultation%20summary%20document.docx _zConsultation summary with objectives |
||
| 856 |
_uhttps://www.rics.org/profession-standards/rics-standards-and-guidance/sector-standards/construction-standards/whole-life-carbon-assessment _zView the second edition published Sept 2023 |
||
| 942 | _n0 | ||
| 999 |
_c121408 _d121408 |
||